000 00605nam a22002297a 4500
005 20170124110123.0
010 _aA-719970
020 _c200.00
035 _aA-719970
037 _bCen Lib/Ret
040 _aDPL
_bEN
082 _aS
_bKAP
100 _aKapoor, Kusum Mercy
_9102317
245 _aCobwebs /
_cby Kusum Mercy Kapoor
246 _b
260 _bCalcutta
_aWriters Workshop
_c1994
270 _bCalcutta
_a162/92 Lake Gardens
_e700045
300 _a146p.
_c21cm(Hb)
650 _aShort stories, Indic (English)
_9102318
650 _aShort stories
_944
942 _2ddc
_cEN
_hS
_mKAP
999 _c131134
_d131134